Представление документа в формате RUSMARC

ПолеНазваниеЗначение
  Тип записи a
  Библиографический уровень a
001 Контрольный номер RU/CBS_Ul/BASE/484759460
005 Дата корректировки 20250124000048.6
100 Данные общей обработки __
a Данные общей обработки 20150512d2015 ||| 0rusy0189 ca
101 Язык документа 0_
a Язык текста rus
102 Страна публикации __
a Страна публикации RU
105 Кодированные данные (монография) __
a Кодированные данные (монография) y###||||000|y
200 Заглавие и сведения об ответственности 1_
a Заглавие По следам праздника
b Общее обозначение материала Текст
e Сведения, относящиеся к заглавию [празднование 70-летия Победы в г. Ульяновске]
f Первые сведения об ответственности М. Андрианова
300 Общие примечания __
a Общие примечания Ограничения по возрасту - 16+
461 Уровень набора _0
1 2000
a Комсомольская правда
463 Уровень физической единицы _0
1 001RU/CBS_Ul/BASE/484757965
1 2000
a № 51
v С. 9 : фото
1 210
d 2015
606 Тематические рубрики 0_
a Основная рубрика День Победы - Празднование
y Географическая подрубрика Ульяновск, город
610 Ключевые слова 0_
a Ключевые слова праздники
a Ключевые слова День Победы
a Ключевые слова 9 мая
a Ключевые слова УАЗ (автомобили)
686 Индексы других классификаций __
a Классификационный индекс 63.3(2)622.78
2 Код системы ББК
686 Индексы других классификаций __
a Классификационный индекс 63.3(2Рос235.54)
2 Код системы ББК
700 Автор _1
a Фамилия Андрианова
b Имя (инициалы) М.
801 Источник записи _0
a Страна RU
b Организация МБУК ЦБС г. Ульяновска
c Дата составления 20150512
g Правила каталогизации RCR
801 Источник записи _1
a Страна RU
b Организация МБУК ЦБС г. Ульяновска
c Дата составления 20150512
g Правила каталогизации RCR
901 Тип документа __
t Тип документа f
w Контрольный № источника RU/CBS_Ul/BASE/484757965
910 Корректоры записи __
a Корректор записи Сидоркина
938 Служебная информация __
a Имя БД kraeved